Solutions manual to accompany : an introduction to numerical methods and analysis / James F. Epperson. (Record no. 22196)

000 -LEADER
fixed length control field 00588nam a22001577a 4500
020 ## - INTERNATIONAL STANDARD BOOK NUMBER
ISBN 9781119604532
082 ## - DEWEY DECIMAL CLASSIFICATION NUMBER
Classification number 519.4
Item number Ep64 2021
100 ## - MAIN ENTRY--AUTHOR NAME
Personal name Epperson, James F., author.
245 ## - TITLE STATEMENT
Title Solutions manual to accompany : an introduction to numerical methods and analysis / James F. Epperson.
250 ## - EDITION STATEMENT
Edition statement Third Edition.
260 ## - PUBLICATION, DISTRIBUTION, ETC. (IMPRINT)
Place of publication Hoboken, NJ :
Name of publisher John Wiley & Sons, Inc.,
Year of publication 2021.
300 ## - PHYSICAL DESCRIPTION
Number of Pages 1 online resource, ix, 284 pages :
Other physical details illustrations.
500 ## - GENERAL NOTE
General note Includes bibliographical reference and indexes.
650 ## - SUBJECT ADDED ENTRY--TOPICAL TERM
Topical Term Numerical analysis — Study and teaching.
942 ## - ADDED ENTRY ELEMENTS (KOHA)
Koha item type Electronic Books
Holdings
Source of acquisition Permanent Location Date acquired Collection code Koha item type Lost status Shelving location Withdrawn status Current Location Full call number
DonationsCagayan State University - Carig Library2026-04-15E-BooksElectronic Books E-Resource Section Cagayan State University - Carig Library519.4 Ep64 2021

Cagayan State University University Library, Carig Campus
Tuguegarao City, Cagayan 3500 | www.csucarig.edu.ph

Powered by Koha